Bibliography and index of publications relating to ground water prepared by the Geological Survey and cooperating agencies / (Record no. 28194)
[ view plain ]
| 000 -LEADER | |
|---|---|
| fixed length control field | 01192cam a22002771a 4500 |
| 001 - CONTROL NUMBER | |
| control field | gs 47000281 |
| 003 - CONTROL NUMBER IDENTIFIER | |
| control field | DLC |
| 005 - DATE AND TIME OF LATEST TRANSACTION | |
| control field | 20260227111353.0 |
| 008 - FIXED-LENGTH DATA ELEMENTS--GENERAL INFORMATION | |
| fixed length control field | 790323s1947 dcu b f001 0 eng c |
| 010 ## - LIBRARY OF CONGRESS CONTROL NUMBER | |
| LC control number | gs 47000281 |
| 035 ## - SYSTEM CONTROL NUMBER | |
| System control number | (OCoLC)4770399 |
| 040 ## - CATALOGING SOURCE | |
| Original cataloging agency | U. S. Geol. Survey. Libr. |
| Transcribing agency | AzU |
| Modifying agency | DNAL |
| -- | OCoLC |
| -- | DLC |
| 050 00 - LIBRARY OF CONGRESS CALL NUMBER | |
| Classification number | TC801 |
| Item number | .U2 no. 992 |
| 070 0# - NATIONAL AGRICULTURAL LIBRARY CALL NUMBER | |
| Classification number | 407 |
| Item number | G29W no.992 |
| 072 #0 - SUBJECT CATEGORY CODE | |
| Subject category code | P200 |
| 082 ## - DEWEY DECIMAL CLASSIFICATION NUMBER | |
| Classification number | 016.55149 |
| 100 1# - MAIN ENTRY--PERSONAL NAME | |
| Personal name | Waring, Gerald A. |
| Fuller form of name | (Gerald Ashley), |
| Dates associated with a name | 1883- |
| 245 10 - TITLE STATEMENT | |
| Title | Bibliography and index of publications relating to ground water prepared by the Geological Survey and cooperating agencies / |
| Statement of responsibility, etc. | by Gerald A. Waring and Oscar E. Meinzer. |
| 260 ## - PUBLICATION, DISTRIBUTION, ETC. | |
| Place of publication, distribution, etc. | Washington, D.C. : |
| Name of publisher, distributor, etc. | U.S. G.P.O., |
| Date of publication, distribution, etc. | 1947. |
| 300 ## - PHYSICAL DESCRIPTION | |
| Extent | ii, 412 p. ; |
| Dimensions | 24 cm. |
| 440 #0 - SERIES STATEMENT/ADDED ENTRY--TITLE | |
| Title | Geological Survey water-supply paper ; |
| Volume/sequential designation | 992 |
| 501 ## - WITH NOTE | |
| With note | With : Geology and ground-water resources of Cedar City and Parowan vallays, Iron county, Utah. Washington : U.S. Govt. Print. Off.,1947. Bound together subsequent to publication. |
| Institution to which field applies | DLC |
| 650 #0 - SUBJECT ADDED ENTRY--TOPICAL TERM | |
| Topical term or geographic name entry element | Groundwater |
| Geographic subdivision | United States |
| General subdivision | Bibliography. |
| 650 #0 - SUBJECT ADDED ENTRY--TOPICAL TERM | |
| Topical term or geographic name entry element | Water-supply |
| Geographic subdivision | United States |
| General subdivision | Bibliography. |
| 700 1# - ADDED ENTRY--PERSONAL NAME | |
| Personal name | Meinzer, O. E. |
| Fuller form of name | (Oscar Edward), |
| Dates associated with a name | 1876-1948. |
No items available.